Score 0/24 Timer 03:00
1 Play Today
Movie Title Missing Name % Correct
_____ PoppinsMary
98.7%
______ in WonderlandAlice
98.5%
______ Hood: Men in TightsRobin
97.7%
________ ScissorhandsEdward
97.4%
Saving Private _____Ryan
97.1%
________ and the Chocolate FactoryCharlie
95.8%
When _____ Met Sally...Harry
95.1%
Finding ____Nemo
94.6%
The Curious Case of _________ ButtonBenjamin
93.7%
A Fish Called _____Wanda
93%
_______ of the JungleGeorge
89.6%
Being _____ MalkovichJohn
84%
Movie Title Missing Name % Correct
_______ LittleStuart
81.4%
Me Myself & ______Irene
80.8%
______ of the DeadShaun
80.2%
What's Eating _______ GrapeGilbert
79.7%
Along Came ______Polly
79.6%
_______ AlmightyEvan
76.4%
I Now Pronounce You ______ & LarryChuck
70%
______ Pilgrim vs. the WorldScott
69.3%
____ ElliotBilly
68.6%
(500) Days of _________Summer
66.7%
All About _____Eve
65.2%
Kiss Me, _____Kate
62.3%

Today's Daily Dose

You're not logged in!

Compare scores with friends on all Sporcle quizzes.
OR
Log In

Sporcle TV

Today on Sporcle TV


Watch our educational content, quiz creation guides, and fun videos on Sporcle TV.

Show Comments

Extras

Top Quizzes Today


Score Distribution

Your Account Isn't Verified!

In order to create a playlist on Sporcle, you need to verify the email address you used during registration. Go to your Sporcle Settings to finish the process.

Report this User

Report this user for behavior that violates our Community Guidelines.

Details: